000 01047nam a22002177a 4500
999 _c55881
_d55881
005 20251125233035.0
008 s2550 th tha d
020 _a9789747040623
040 _aNALT
041 _atha
050 _aDS 575
_bช495จ 2550
100 0 _aชาญวิทย์ เกษตรศิริ
_9541
245 1 0 _aจากสยามเป็นไทย :
_bนามนั้นสำคัญมากฉะนี้หรือ? /
_cชาญวิทย์ เกษตรศิริ.
260 _aกรุงเทพฯ :
_bมูลนิธิโครงการตำราสังคมศาสตร์และมนุษศาสตร์,
_c2550.
300 _a46 หน้า :
_bภาพประกอบ ;
_c21 ซม.
651 4 _94350
_aไทย
_xประวัติศาสตร์
850 _aNALT
856 4 0 _uhttps://hdl.handle.net/20.500.14156/401997
_71
942 _cGB
_2lcc
_01
998 _j111
_k นางสาวพจพิณ พรมเอี่ยม